Les 50 îles les plus denséments peuplées - Statistiques

Statistiques générales
  • Ce quiz a été pris 115 fois
  • Le résultat moyen est 40 sur 50
Statistiques - réponses
Rang Ile Pays % Correct
7 Manhattan Etats-Unis
98%
18 Roosevelt Etats-Unis
98%
36 Long Beach Etats-Unis
98%
37 Balboa Etats-Unis
98%
41 City Etats-Unis
98%
48 Staten Etats-Unis
98%
10 Saint-Louis France
98%
42 de la Cité France
98%
43 Saint-Denis France
98%
2 Ap Lei Chau Chine
97%
13 Tsing Yi Chine
97%
17 Hong-Kong Chine
97%
19 Ma Wan Chine
97%
23 Taipa Chine
97%
28 Xiamen Chine
97%
29 Cheung Chau Chine
97%
38 Peng Chau Chine
97%
34 Niigata Japon
97%
49 Hikoshima Japon
97%
40 des Soeurs Canada
96%
44 de Montréal Canada
96%
26 Venise Italie
90%
22 Pulau Buluh Indonésie
89%
12 Essingen Suède
83%
16 Södermalm Suède
83%
20 Kungsholmen Suède
83%
21 Reimersholme Suède
83%
30 Stadsholmen Suède
83%
39 Stora Essingen Suède
83%
47 Lidingo Suède
83%
14 Vasilyevsky Russie
81%
50 Kotlin Russie
81%
27 Governador Brésil
80%
9 Salsette Inde
79%
31 Moçambique Mozambique
77%
8 Lagos Nigeria
75%
24 Portsea Royaume-Uni
74%
25 Lübeck Allemagne
71%
5 Malé Maldives
69%
46 Yeouido Corée-du-Sud
64%
33 Lauttassari Finlande
61%
1 Santa Cruz del Islote Colombie
57%
32 Pulau Ujong Singapour
55%
35 Cijin Taïwan
53%
4 Fadiouth Sénégal
45%
6 Ebeye Marshall
34%
15 Djarrit Marshall
34%
45 Majuro Marshall
34%
3 Migingo Kenya
30%
11 Arwad Syrie
25%
Aucun quiz correspondant
Distribution des résultats
% des personnes avec chaque résultat
Percentile par nombre de réponses
Votre historique - résultats
Vous n’avez pas pris ce quiz